00881nam a2200265 4500003000400000005001700004008004100021020001500062040000700077100002500084245006400109260003800173300002300211500003700234504003200271505008600303650002200389650002500411650001100436650001900447653002400466653001500490710005700505710005300562OSt20180825093228.0180825b xxu||||| |||| 00| 0 spa d a9505082614 cPJ aGiraldi, Pedro Mario10aLey de cheque :bcomentada y anota / cPedro Mario Giraldi. aBuenos Aires :bDepalma, c1988.  axv, 336 p.c23 cm. aNotas y citas a pie de página. aBibliografía: p. 333-336. aContenido: Decreto 4776/63 con las modificaciones introducidas por la ley 23.549. 0aDERECHO COMERCIAL 0aTITULOS DE CRÉDITO 0aCHEQUE 0aLEY DE CHEQUES aDECRETO LEY 4776/63 aLEY 23.549 aArgentina. Leyes, decretos, etc. Decreto Ley 4776/63 aArgentina. Leyes, decretos, etc. Ley nº 23.549